00678nam a2200193 a 450000100100000000500170001000800410002702000150006804000250008308200190010810000400012724500820016725000110024926000360026030000280029670000260032495201170035099900170046700004490820201002045724.0150119s1993 dr a 000 0 spa d a8459908321 aDO-SdBNPbspacBNPHU axxxxxxbxxxxxx1 aMelo De Cardona, Ligia Amada92717410aCiencias naturales :b7 curso /cLigia Amada Melo de Cardona , Antonio Monzo. a9a ed. aSanto Domingo :bDisesa,c1993. a247 p. :bil. ;c23 cm.1 aMonzo, Antonio950161 0010718PDaPDbPDcHDd2015-01-19iLF1l0oxxxxxx xxxxxxp44908-10r2020-06-25w2020-06-25yLFPDZNo se presta c44397d44397